<?xml version="1.0" encoding="UTF-8"?>
<collection xmlns="http://www.loc.gov/MARC21/slim">
<record>
  <controlfield tag="001">106785</controlfield>
  <controlfield tag="005">20210909132516.0</controlfield>
  <datafield tag="037" ind1=" " ind2=" ">
    <subfield code="a">TAZ-TFM-2021-260</subfield>
  </datafield>
  <datafield tag="041" ind1=" " ind2=" ">
    <subfield code="a">spa</subfield>
  </datafield>
  <datafield tag="100" ind1="1" ind2=" ">
    <subfield code="a">Bescós Torcal, Isabel</subfield>
  </datafield>
  <datafield tag="242" ind1="0" ind2="0">
    <subfield code="a">Synthesis of PLGA nanoparticles with indocyanine green for antimicrobial photodynamic therapy</subfield>
  </datafield>
  <datafield tag="245" ind1="0" ind2="0">
    <subfield code="a">Síntesis de nanopartículas de PLGA con verde de indocianina para terapia fotodinámica antimicrobiana</subfield>
  </datafield>
  <datafield tag="260" ind1=" " ind2=" ">
    <subfield code="a">Zaragoza</subfield>
    <subfield code="b">Universidad de Zaragoza</subfield>
    <subfield code="c">2021</subfield>
  </datafield>
  <datafield tag="506" ind1=" " ind2=" ">
    <subfield code="a">by-nc-sa</subfield>
    <subfield code="b">Creative Commons</subfield>
    <subfield code="c">3.0</subfield>
    <subfield code="u">http://creativecommons.org/licenses/by-nc-sa/3.0/</subfield>
  </datafield>
  <datafield tag="520" ind1=" " ind2=" ">
    <subfield code="a">Debido al aumento en el número de especies bacterianas resistentes a antibióticos debido al uso inapropiado de los mismos, es necesario el desarrollo de terapias alternativas antimicrobianas, como la terapia fotodinámica antimicrobiana. En este trabajo se aplicó esta terapia in vitro para el tratamiento de infecciones tópicas causadas por Staphylococcus Aureus. Esta terapia se basa en la aplicación de un compuesto no tóxico llamado fotosensibilizador. En este caso se utilizó verde de indocianina (ICG). Al irradiar con luz en el infrarrojo cercano, este compuesto es capaz de generar especies reactivas de oxígeno (ROS), responsables de inactivar microorganismos. El objetivo de este trabajo es encapsular ICG en NPs de PLGA para superar las limitaciones que tiene el ICG libre, como su inestabilidad en disolución acuosa o su rápida degradación óptica inducida por la luz y la temperatura. Se compararon dos técnicas de síntesis para la encapsulación de ICG en NPs de PLGA: emulsión-evaporación del disolvente en discontinuo con el uso de ultrasonidos y emulsión-evaporación del disolvente en continuo mediante el micromezclado de fases por tecnología microfluídica. Se evaluó la actividad fototérmica (inactivación de los microorganismos debido al aumento de temperatura tras la irradiación) y fotodinámica (inactivación de microorganismos debido a la generación de ROS) de las NPs obtenidas por la técnica más adecuada.   &lt;br />&lt;br /></subfield>
  </datafield>
  <datafield tag="521" ind1=" " ind2=" ">
    <subfield code="a">Máster Universitario en Ingeniería Biomédica</subfield>
  </datafield>
  <datafield tag="540" ind1=" " ind2=" ">
    <subfield code="a">Derechos regulados por licencia Creative Commons</subfield>
  </datafield>
  <datafield tag="700" ind1=" " ind2=" ">
    <subfield code="a">Sebastián Cabeza, Víctor</subfield>
    <subfield code="e">dir.</subfield>
  </datafield>
  <datafield tag="700" ind1=" " ind2=" ">
    <subfield code="a">Arruebo Gordo, Manuel</subfield>
    <subfield code="e">dir.</subfield>
  </datafield>
  <datafield tag="710" ind1="2" ind2=" ">
    <subfield code="a">Universidad de Zaragoza</subfield>
    <subfield code="b">Ingeniería Química y Tecnologías del Medio Ambiente</subfield>
    <subfield code="c">Ingeniería Química</subfield>
  </datafield>
  <datafield tag="856" ind1="0" ind2=" ">
    <subfield code="f">700655@unizar.es</subfield>
  </datafield>
  <datafield tag="856" ind1="4" ind2=" ">
    <subfield code="s">3557273</subfield>
    <subfield code="u">http://zaguan.unizar.es/record/106785/files/TAZ-TFM-2021-260_ANE.pdf</subfield>
    <subfield code="y">Anexos (spa)</subfield>
  </datafield>
  <datafield tag="856" ind1="4" ind2=" ">
    <subfield code="s">4380836</subfield>
    <subfield code="u">http://zaguan.unizar.es/record/106785/files/TAZ-TFM-2021-260.pdf</subfield>
    <subfield code="y">Memoria (spa)</subfield>
  </datafield>
  <datafield tag="909" ind1="C" ind2="O">
    <subfield code="o">oai:zaguan.unizar.es:106785</subfield>
    <subfield code="p">driver</subfield>
    <subfield code="p">trabajos-fin-master</subfield>
  </datafield>
  <datafield tag="950" ind1=" " ind2=" ">
    <subfield code="a"></subfield>
  </datafield>
  <datafield tag="980" ind1=" " ind2=" ">
    <subfield code="a">TAZ</subfield>
    <subfield code="b">TFM</subfield>
    <subfield code="c">EINA</subfield>
  </datafield>
  <datafield tag="999" ind1=" " ind2=" ">
    <subfield code="a">20210621194411.CREATION_DATE</subfield>
  </datafield>
  <datafield tag="951" ind1=" " ind2=" ">
    <subfield code="a">deposita:2021-09-09</subfield>
  </datafield>
</record>
</collection>